Σχεδίαση σκηνής ενός ατόμου ελαφριού τύπου : διπλωματική εργασία προπτυχιακού

Η παρούσα διπλωματική παρουσιάζει μία βιβλιογραφική έρευνα στις σκηνές και τις καινοτομίες που υπάρχουν.Στη συνέχεια μελετούνται οι ανάγκες του χρήστη όταν αυτός καλείται να ζήσει κοντά στη φύση και παρουσιάζονται μεθοδολογίες ανάλυσης και προσδιορισμού αυτών των αναγκών. Τέλος, σχεδιάζονται τρία πρ...

Full description

Saved in:
Bibliographic Details
Main Author: Στυλιανάκη, Ελένη
Corporate Author: Πανεπιστήμιο Αιγαίου. Σχολή Θετικών Επιστημών. Τμήμα Μηχανικών Σχεδίασης Προϊόντων και Συστημάτων
Other Authors: Παπαδόπουλος, Δάνος (dgs [Επιβλέπων καθηγητής])
Format: Thesis Book
Language:Greek
Published: 2015.
Subjects:
Online Access:http://hdl.handle.net/11610/9020
Tags: Add Tag
No Tags, Be the first to tag this record!

MARC

LEADER 00000cam a2200000 a 4500
001 1/109691
008 160122s2015####gr | ||| |||| ||gre||
040 |a GR-MyUa  |b gre  |c GR-MyUa  |e AACR2 
041 0 |a gre 
082 7 |a 796.540284   |2 (23)  
100 1 |a Στυλιανάκη, Ελένη. 
245 1 0 |a Σχεδίαση σκηνής ενός ατόμου ελαφριού τύπου :   |b διπλωματική εργασία προπτυχιακού /   |c Στυλιανάκη Ελένη ; επιβλέπων Παπαδόπουλος Δάνος.  
260 |c 2015.  
300 |a 191 σ. :   |b εικ. ;   |c 30 εκ.  
502 |a Πτυχιακή εργασία - Πανεπιστήμιο Αιγαίου, Σύρος, 2015.  
504 |a Βιβλιογραφία: σ. 189-191.  
506 1 |a Διάθεση πλήρους κειμένου περιορισμένης πρόσβασης (μόνο από μέλη του Παν. Αιγαίου).  
520 8 |a Η παρούσα διπλωματική παρουσιάζει μία βιβλιογραφική έρευνα στις σκηνές και τις καινοτομίες που υπάρχουν.Στη συνέχεια μελετούνται οι ανάγκες του χρήστη όταν αυτός καλείται να ζήσει κοντά στη φύση και παρουσιάζονται μεθοδολογίες ανάλυσης και προσδιορισμού αυτών των αναγκών. Τέλος, σχεδιάζονται τρία προσχέδια και ένα από αυτά επιλέγεται και εξελίσσεται στην τελική του μορφή, όπου γίνεται και ένα μικρό μέρος branding για την προώθησή του.  
650 0 |a Camping  |x Equipment and supplies. 
650 0 |a Tents. 
650 0 |a Dissertations, Academic  |z Greece. 
700 1 |a Παπαδόπουλος, Δάνος,  |e dgs [Επιβλέπων καθηγητής] 
710 2 |a Πανεπιστήμιο Αιγαίου.   |b Σχολή Θετικών Επιστημών.   |b Τμήμα Μηχανικών Σχεδίασης Προϊόντων και Συστημάτων. 
852 |a INST  |b SYROS  |c DIATR  |e 20161101  |h 796.540284 ΣΤΥ  |p 005500012776  |q 005500012776  |t DIE  |y 23 
856 |u http://hdl.handle.net/11610/9020 
924 |a Στυλιανάκη   |b Ελένη  |y Σύρος  |z 2015-10 
970 |a Κοντού  |b Παρασκευή  |z 22/01/2016